| 000 | 00432cam a2200169ua 4500 | ||
|---|---|---|---|
| 020 | _c2.00 | ||
| 041 |
_amal _h |
||
| 082 |
_a894.81280355 _bPOT/LO |
||
| 100 | _aPottekkad, S K . | ||
| 245 |
_aLondon note book / _cS K Pottekkad. _hTextual Documents |
||
| 260 |
_aKottayam : _bSahitya Pravarthaka Co-operative Society , _c1970. |
||
| 300 | _a110 ; . | ||
| 365 | _a2.00 | ||
| 504 | _a | ||
| 942 | _cBK | ||
| 999 |
_c5840 _d5840 |
||